[Event "EU-ch 16th"]
[Site "Jerusalem"]
[Date "2015.03.08"]
[Round "11"]
[White "Nareznoy, David"]
[Black "Adar, Idan"]
[Result "0-1"]
[WhiteElo "2069"]
[BlackElo "1912"]
[PlyCount "82"]
[EventDate "2015.02.24"]
[EventType "swiss"]
[EventRounds "11"]
[EventCountry "ISR"]
[SourceTitle "CBM 166"]
[Source "ChessBase"]
[SourceDate "2015.05.11"]
[SourceVersion "1"]
[SourceVersionDate "2015.05.11"]
[SourceQuality "1"]

1. e4 c5 2. Nf3 d6 3. d4 cxd4 4. Nxd4 Nf6 5. Nc3 a6 6. Bg5 e6 7. f4 Be7 8. Qf3 Qc7 9. 0-0-0 Nbd7 10. g4 b5 11. Bxf6 Bxf6 12. Bxb5 axb5 13. Ndxb5 Qb8 14. e5 dxe5 15. Qxa8 Qxa8 16. Nc7+ Ke7 17. Nxa8 Bb7 18. g5 Bxh1 19. gxf6+ gxf6 20. Rxh1 Rxa8 21. fxe5 fxe5 22. b4 Nb6 23. Re1 Ra3 24. Re3 Nc4 25. Rh3 h5 26. Kd1 f5 27. Ke2 e4 28. b5 Kd6 29. Rg3 h4 30. Rh3 Kc5 31. Nxe4+ fxe4 32. Rxa3 Nxa3 33. b6 Kxb6 34. Ke3 Kc5 35. Kxe4 Kd6 36. Kf4 Kd5 37. Kg4 Ke4 38. Kxh4 Kf4 39. Kh3 Kf3 40. Kh4 e5 41. c4 Nxc4 0-1

[Event "EU-ch 16th"]
[Site "Jerusalem"]
[Date "2015.03.05"]
[Round "9"]
[White "Bakalchuk, Johnatan"]
[Black "Nareznoy, David"]
[Result "1-0"]
[WhiteElo "2272"]
[BlackElo "2069"]
[PlyCount "47"]
[EventDate "2015.02.24"]
[EventType "swiss"]
[EventRounds "11"]
[EventCountry "ISR"]
[SourceTitle "CBM 166"]
[Source "ChessBase"]
[SourceDate "2015.05.11"]
[SourceVersion "1"]
[SourceVersionDate "2015.05.11"]
[SourceQuality "1"]

1. e4 e6 2. b3 d5 3. Bb2 dxe4 4. Nc3 Nf6 5. Qe2 Be7 6. Nxe4 0-0 7. 0-0-0 a5 8. a3 Nbd7 9. Nf3 c5 10. a4 Qc7 11. Nc3 Rd8 12. g4 Nxg4 13. Rg1 Qf4 14. Bh3 Ngf6 15. Bxe6 Nb6 16. Bxf7+ Kxf7 17. Rxg7+ Kxg7 18. Qxe7+ Kh6 19. Qxd8 Bg4 20. Qxb6 Bxf3 21. Re1 Rg8 22. Qxc5 Rd8 23. Kb1 Ne4 24. Nxe4 1-0

[Event "EU-ch 16th"]
[Site "Jerusalem"]
[Date "2015.03.03"]
[Round "7"]
[White "Freiman, Mark"]
[Black "Nareznoy, David"]
[Result "0-1"]
[WhiteElo "1873"]
[BlackElo "2069"]
[PlyCount "101"]
[EventDate "2015.02.24"]
[EventType "swiss"]
[EventRounds "11"]
[EventCountry "ISR"]
[SourceTitle "CBM 166"]
[Source "ChessBase"]
[SourceDate "2015.05.11"]
[SourceVersion "1"]
[SourceVersionDate "2015.05.11"]
[SourceQuality "1"]

1. e4 e6 2. d4 d5 3. e5 c5 4. c3 Nc6 5. Nf3 Bd7 6. a3 h5 7. Be2 Nh6 8. 0-0 Be7 9. dxc5 Bxc5 10. b4 Bb6 11. Bb2 Qe7 12. c4 dxc4 13. Bxc4 0-0-0 14. Nbd2 g5 15. Ne4 g4 16. Nd6+ Kb8 17. Nd2 f5 18. Nb3 g3 19. Nc5 gxh2+ 20. Kh1 Bc8 21. Qe2 Bxc5 22. bxc5 Rhg8 23. Qxh5 Ng4 24. Rae1 Rdf8 25. Qh3 Rg6 26. Qd3 Qg7 27. Nxc8 Kxc8 28. f4 Rg8 29. Qe2 Qe7 30. Bb5 Nh6 31. Bxc6 bxc6 32. Qa6+ Qb7 33. Qxb7+ Kxb7 34. Rf2 Rd8 35. Bc3 Rg3 36. Rb2+ Ka6 37. Bb4 Ng4 38. Reb1 Rgd3 39. Re2 R8d4 40. Rf1 Kb5 41. Rb2 Kc4 42. Rc2+ Kd5 43. Rcc1 Ke4 44. Rce1+ Re3 45. Rc1 Re2 46. Rf3 Kd5 47. Rb1 Ree4 48. g3 Re2 49. Rfb3 Ke4 50. R3b2 Rxb2 51. Re1+ 0-1